Реабилитация больных, перенесших инсульт (Запись № 36301)

Подробности
000 -МАРКЕР
контрольное поле 01388nam0a2200325 4500
001 - ИДЕНТИФИКАТОР ЗАПИСИ
контрольное поле RU\NLR\bibl\922149
005 - ИДЕНТИФИКАТОР ВЕРСИИ
контрольное поле 20260407070416.0
010 ## - МЕЖДУНАРОДНЫЙ СТАНДАРТНЫЙ НОМЕР КНИГИ (ISBN)
Номер (ISBN) 5-98322-178-7
Тираж 2000
021 ## - НОМЕР ГОСУДАРСТВЕННОЙ РЕГИСТРАЦИИ
Код страны российская федерация
Номер 2006-7880
Номер Листа государственной регистраци 378
035 ## - ДРУГИЕ СИСТЕМНЫЕ НОМЕРА
Идентификатор записи (NLR Aleph) 000910424
100 ## - ДАННЫЕ ОБЩЕЙ ОБРАБОТКИ
Данные общей обработки 20060327d2006 |||y0rusy50 ca
101 0# - ЯЗЫК РЕСУРСА
Язык текста, звукозаписи и т.д. русский
102 ## - СТРАНА ПУБЛИКАЦИИ ИЛИ ПРОИЗВОДСТВА
Страна публикации российская федерация
105 ## - ПОЛЕ КОДИРОВАННЫХ ДАННЫХ: ТЕКСТОВЫЕ МАТЕРИАЛЫ, МОНОГРАФИЧЕСКИЕ
Кодированные данные о монографическом текстовом документе a |||||||||
200 1# - ЗАГЛАВИЕ И СВЕДЕНИЯ ОБ ОТВЕТСТВЕННОСТИ
Основное заглавие Реабилитация больных, перенесших инсульт
Первые сведения об ответственности В.А. Епифанов
210 ## - ПУБЛИКАЦИЯ, РАСПРОСТРАНЕНИЕ И ДР.
Место издания, распространения и т.д. Москва
Имя издателя, распространителя и т. д. МЕДпресс-информ
Дата издания, распространения и т.д. 2006
215 ## - ФИЗИЧЕСКАЯ ХАРАКТЕРИСТИКА
Специфическое обозначение материала и объем 251 с.
Другие сведения о физической характеристике ил.
Размеры 20
300 ## - ОБЩИЕ ПРИМЕЧАНИЯ
Текст примечания На обороте тит. л. авт.: Епифанов В.А., засл. деят. науки РФ, д.м.н., проф., акад. МАИ ООН и Евроазиат. АМН
320 ## - ПРИМЕЧАНИЯ О НАЛИЧИИ В ДОКУМЕНТЕ БИБЛИОГРАФИИ / УКАЗАТЕЛЯ
Текст примечания Библиогр.: с. 248-251
606 1# - НАИМЕНОВАНИЕ ТЕМЫ КАК ПРЕДМЕТ
Наименование темы Инсульт
Формальный подзаголовок Руководства, пособия и т.п.
Тематический подзаголовок Реабилитация больных
Системный номер авторитетной/нормативной записи 1172137
Идентификатор авторитетной/нормативной записи RU\NLR\auth\66470467
686 ## - ИНДЕКСЫ ДРУГИХ КЛАССИФИКАЦИЙ
Индекс Р627.703.1-5я7
700 #1 - ИМЯ ЛИЦА - ПЕРВИЧНАЯ ОТВЕТСТВЕННОСТЬ
Код отношения Автор
Графика поля Кириллица
Материалы, к которым относится поле rus
Начальный элемент ввода Епифанов
Часть имени, кроме начального элемента ввода В. А.
Дополнения к именам, кроме дат д-р мед. наук, реабилитолог
Даты 1934-2024
Расширение инициалов личного имени Виталий Александрович
Идентификатор авторитетной/нормативной записи RU\NLR\AUTH\770148242
Системный номер авторитетной/нормативной записи 148206
801 #0 - ИСТОЧНИК ЗАПИСИ
Страна российская федерация
Организация NLR
Дата составления 20060327
Правила каталогизации rcr
801 #1 - ИСТОЧНИК ЗАПИСИ
Страна российская федерация
Организация NLR
Дата составления 20060327
830 ## - ОБЩЕЕ ПРИМЕЧАНИЕ, СОСТАВЛЕННОЕ КАТАЛОГИЗАТОРОМ
Текст примечания авт. по кн.
942 ## - ДОПОЛНИТЕЛЬНЫЕ ЭЛЕМЕНТЫ ЗАПИСИ (АБИС)
Тип экземпляра АБИС Книга
980 ## - КОЛЛЕКЦИЯ
Название коллекции Национальная библиография
Экземпляры
Тип экземпляра Дата поступления Источник поступления Библиотека постоянного хранения Библиотека текущего хранения Место хранения Шифр хранения Штрих-код Статус не для выдачи Стоимость
Книга 27.03.2006 Обязательный экземпляр РНБ (Московский) РНБ (Московский) Русский книжный фонд: издания с 1957 года, 3этаж 2006-3/8229 1-4760189    
Книга 27.03.2006 Обязательный экземпляр РНБ (Московский) РНБ (Московский) Русский книжный фонд: издания с 1957 года, 3этаж 2006-3/8229 2145963    
Книга 17.05.2006 Покупка РНБ (Московский) РНБ (Московский) Фонд общего зала литературы по биологии и медицине М1 Р62/Е-676 1-442400   135.00
Книга 17.05.2006 Покупка РНБ (Садовая) РНБ (Садовая) Фонд научного зала литературы по биологии и медицине М2 Р627.703.1/Е-676 1-253440   135.00